South Indian City to State - Click Quiz - Statistics

General Stats
  • This quiz has been taken 19 times
  • The average score is 13 of 18
Answer Stats
Hint Answer % Correct
Kochi Kerala
94%
Alappuzha Kerala
88%
Tiruchirappalli Tamil Nadu
88%
Vijayawada Andhra Pradesh
81%
Hubli Karnataka
81%
Kozhikode Kerala
81%
Madurai Tamil Nadu
81%
Rajahmundry Andhra Pradesh
75%
Mangaluru Karnataka
75%
Anantapur Andhra Pradesh
69%
Udupi Karnataka
69%
Thanjavur Tamil Nadu
69%
Mahé Puducherry
56%
Karimnagar Telangana
56%
Warangal Telangana
56%
Nizamabad Telangana
56%
Karaikal Puducherry
50%
Yanam Puducherry
50%
No matching quizzes found
Score Distribution
Percent of People with Each Score
Percentile by Number Answered
Your Score History
You have not taken this quiz